Chuck E Cheese Characters Quiz Stats

 Plays Quiz not verified by Sporcle

Also try: Click a Chris
Challenge
Share
Tweet
Embed
Score 0/7 Timer 08:00
0 Plays Today
Description Character % Correct
The Big CChuck E Cheese
97.7%
The songbird of the bandHelen Henny
78.7%
a purple people pleaser and a big eaterMr. Munch
75.3%
The pizza chef who keeps the beatPasqually
74.1%
Country Hound Dog from TennesseeJasper T. Jowls
71.8%
The Cowgirl of countryHarmony Howlette
37.9%
Chuck's backup singersThe Warbletts
18.4%

You're not logged in!

Compare scores with friends on all Sporcle quizzes.
Join for Free
OR
Log In

You Might Also Like...

Show Comments

Extras

Created Jul 19, 2011ReportNominate
Tags:character, cheese, chuck, description

Top Quizzes Today


Score Distribution

Your Account Isn't Verified!

In order to create a playlist on Sporcle, you need to verify the email address you used during registration. Go to your Sporcle Settings to finish the process.

Report this User

Report this user for behavior that violates our Community Guidelines.

Details: